Top 12 Miami Heat Players - Statistics

General Stats
  • This quiz has been taken 637 times
    358 since last reset
  • The average score is 8 of 12
Answer Stats
Rank Player Win Share % Correct
1 Dwyane Wade 116.1
99%
2 LeBron James 65.3
99%
8 Chris Bosh 44.2
95%
5 Jimmy Butler 52.6
93%
3 Alonzo Mourning 64.9
85%
4 Bam Adebayo 64.0
79%
9 Tim Hardaway 44.1
65%
6 Udonis Haslem 50.9
63%
10 Glen Rice 40.2
44%
11 Hassan Whiteside 36.6
33%
7 Eddie Jones 44.5
26%
12 Grant Long 31.6
3%
No matching quizzes found
Score Distribution
Percent of People with Each Score
Percentile by Number Answered
Your Score History
You have not taken this quiz since the last reset